000 00969cam a2200253 4500
001 ABS62488
008 000000n2000 000 0 eng u
035 _a(Sirsi) u107058
100 _aPerrins, J.
245 _aAlarming regulations
260 _c2000
490 _aAxis
_v55(3) June-July 2000, 38-39(2)
520 _aOutlines guidance which imposes new regulations on those responsible in social housing for home safety. New requirements in Approved Document B in support of the Building Regulations 1991 means one or two storey houses with loft conversions, must be fitted with the minimum of one mains-powered , interlinked alarm on every floor.
590 _aABS
650 _aSOCIAL HOUSING
650 _aSMOKE ALARMS
650 _aLOFT CONVERSIONS
650 _aBUILDING REGULATIONS 1991
650 _aPHOTOELECTRIC
650 _aIONISATION CHAMBER SMOKE DETECTOR
650 _aDUTY OF CARE
690 _aHealth and safety
_96244
942 _n0
999 _c64020
_d64020